[Event "2016 Wellington Easter Open"]
[Site "Wellington NZL"]
[Date "2016.03.26" ]
[Round "3.1"]
[White "Vincenti, David"]
[Black "Dive, Russell J"]
[Result "1/2-1/2"]
[WhiteElo "2179"]
[BlackElo "2452"]
[PlyCount "0"]
[EventDate "2016.03.25"]
[SourceDate ""]

1.d4 Nf6 2.c4 e6 3.Nc3 Bb4 4.e3 O-O 5.Ne2 Re8 6.a3 Bf8 7.e4 d6 8.f3 e5 9.d5
c6 10.Be3 a6 11.Qd2 cxd5 12.cxd5 b5 13.Nc1 Nfd7 14.b4 Be7 15.Nb3 h6 16.Na5
Bg5 17.Rc1 Bxe3 18.Qxe3 Qb6 19.Qxb6 Nxb6 20.Bd3 N8d7 21.O-O Nf6 22.Ne2 Bd7
23.Nb7 Nc8 24.Rc7 Re7 25.Rfc1 Ne8 26.R7c2 g6 27.Na5 f5 28.Nc6 Rf7 29.exf5
gxf5 30.Nd8 Rf6 31.Ne6 Nb6 32.Nc7 Nxc7 33.Rxc7 Rf7 34.Bb1 a5 35.bxa5 Rxa5
36.Rb7 Nc4 37.Ba2 Nxa3 38.Rcc7 Be8 39.Rxf7 Bxf7 40.Ng3 Bg6 41.Rb6 Nc2 42.Rxd6
Bh7 43.Rd8+ Kf7 44.Rd7+ Kg6 45.Rd6+ Kg5 46.h4+ Kxh4 47.Kh2 Kg5 48.Bb1 Ne3
49.Re6 Ra1 50.Rxe5 Rxb1 51.Rxe3 Rd1 52.Re7 Bg6 53.Rd7 h5 54.d6 Kf6 55.Rb7
Rxd6 56.Rxb5 Rd2 57.Nf1 Rd4 1/2-1/2

[Event "2016 Wellington Easter Open"]
[Site "Wellington NZL"]
[Date "2016.03.26" ]
[Round "3.2"]
[White "Wastney, Scott"]
[Black "Nijman, Brian"]
[Result "1-0"]
[WhiteElo "2448"]
[BlackElo "2141"]
[PlyCount "0"]
[EventDate "2016.03.25"]
[SourceDate ""]

1.e4 c5 2.Nf3 Nc6 3.d4 cxd4 4.Nxd4 e5 5.Nb5 d6 6.N1c3 a6 7.Na3 b5 8.Nd5 Nce7
9.c4 Nxd5 10.exd5 bxc4 11.Nxc4 Nf6 12.Be3 Rb8 13.a4 a5 14.Be2 Be7 15.O-O O-O
16.Bd2 Ra8 17.Qe1 Bb7 18.Bxa5 Qb8 19.Nb6 Ra7 20.b4 Nxd5 21.Nd7 Qa8 22.Nxf8
Nf4 23.f3 Kxf8 24.Bb5 Bd5 25.Rd1 Bc6 26.Kh1
{ (Can't make sense of the next move) } 1-0

[Event "2016 Wellington Easter Open"]
[Site "Wellington NZL"]
[Date "2016.03.26" ]
[Round "3.3"]
[White "Timergazi, Layla"]
[Black "Ker, Anthony F"]
[Result "0-1"]
[WhiteElo "2152"]
[BlackElo "2415"]
[PlyCount "0"]
[EventDate "2016.03.25"]
[SourceDate ""]

1.d4 d6 2.c4 e5 3.d5 f5 4.e4 fxe4 5.Nc3 Nf6 6.Bg5 Bf5 7.Nge2 Be7 8.Ng3 Qc8
9.Bxf6 gxf6 10.Ncxe4 Bg6 11.h4 f5 12.Ng5 Bxg5 13.hxg5 Nd7 14.Be2 Qd8 15.Nh5
O-O 16.f4 exf4 17.Qd4 Bxh5 18.Rxh5 Qe8 19.Rh6 Qe5 20.Qxe5 Nxe5 21.O-O-O Nf7
22.Rh5 Rae8 23.Bd3 Ne5 24.Bc2 f3 25.gxf3 Nxf3 26.Rh3 Ne1 27.Ba4 Re2 28.Rd2
Re4 29.b3 f4 30.Rf2 f3 31.Kd2 Rf7 32.Rg3 Kg7 33.Rg1 Rfe7 34.Rff1 Re2+ 35.Kd1
Rxa2 36.Kc1 Ree2 0-1

[Event "2016 Wellington Easter Open"]
[Site "Wellington NZL"]
[Date "2016.03.26" ]
[Round "3.4"]
[White "Croad, Nicholas"]
[Black "Forster, William"]
[Result "1-0"]
[WhiteElo "2412"]
[BlackElo "2075"]
[PlyCount "0"]
[EventDate "2016.03.25"]
[SourceDate ""]

1.d4 c5 2.d5 e5 3.c4 d6 4.e4 Nf6 5.Nc3 Be7 6.Be2 Nbd7 7.Nf3 O-O 8.O-O Ne8
9.Rb1 g6 10.Bh6 Ng7 11.Qd2 Nf6 12.Ne1 Kh8 13.Nd3 Ng8 14.Be3 f5 15.f4 exf4
16.Bxf4 fxe4 17.Nxe4 Nf6 18.Ng5 Bf5 19.b4 Nxd5 20.cxd5 c4 21.Be3 cxd3 22.Bxd3
Qd7 23.Bxf5 Rxf5 24.Nf7+ 1-0

[Event "2016 Wellington Easter Open"]
[Site "Wellington NZL"]
[Date "2016.03.26" ]
[Round "3.5"]
[White "Sellen, Ian"]
[Black "Steadman, Michael V R"]
[Result "0-1"]
[WhiteElo "2116"]
[BlackElo "2338"]
[PlyCount "0"]
[EventDate "2016.03.25"]
[SourceDate ""]

1.c4 e5 2.Nc3 Nf6 3.g3 d5 4.cxd5 Nxd5 5.Bg2 Nb6 6.Nf3 Nc6 7.d3 Be7 8.O-O g5
9.Nd2 Be6 10.b3 h5 11.Nc4 Qd7 12.Ne4 f6 13.Be3 Nd4 14.Rc1 h4 15.Bxg5 fxg5
16.Nxe5 Qd8 17.Ng6 Rh6 18.Nxe7 Qxe7 19.e3 Nb5 20.Nc5 Bd5 21.Nxb7 hxg3 22.hxg3
Qh7 23.Bxd5 Nxd5 24.Qf3 c6 25.Nc5 O-O-O 26.Qe4 Qf7 27.Kg2 Rdh8 28.Rh1 Rxh1
29.Rxh1 Rxh1 30.Kxh1 Qxf2 31.Qe8+ Kc7 32.Qd7+ Kb6 33.d4 Qf3+ 34.Kh2 Nxe3 $4
35.Qb7+ $4 Ka5 36.Qa6+ Kb4 37.Nd3+ Kc3 38.Ne1 Qe2+ 39.Kh3 Qh5# 0-1

[Event "2016 Wellington Easter Open"]
[Site "Wellington NZL"]
[Date "2016.03.26" ]
[Round "3.6"]
[White "Thornton, Giovanni A"]
[Black "James, Jack"]
[Result "1-0"]
[WhiteElo "2235"]
[BlackElo "2097"]
[PlyCount "0"]
[EventDate "2016.03.25"]
[SourceDate ""]

1.d4 Nf6 2.c4 d6 3.Nf3 Nbd7 4.Nc3 e5 5.e4 c6 6.Be2 Qc7 7.d5 Be7 8.O-O O-O
9.Ne1 Re8 10.Be3 Bf8 11.Nd3 a5 12.g4 h6 13.Kh1 cxd5 14.cxd5 Qb8 15.a4 b6
16.h4 Nh7 17.g5 hxg5 18.hxg5 g6 19.Rg1 Ba6 20.Rg3 Bg7 21.Kg2 Qb7 22.Qh1 Rac8
23.Rh3 Ndf8 24.Qh2 Rc4 25.Rh1 Rec8 26.Rxh7 Nxh7 27.Qxh7+ Kf8 28.Ne1 Rb4
29.Bxa6 Qxa6 30.Bc1 Rxc3 31.bxc3 Rxe4 32.Qh3 Qe2 33.Qc8+ Ke7 34.Qc7+ Ke8
35.Qc6+ Ke7 36.Qc7+ Ke8 37.Qc8+ Ke7 38.Nf3 Rc4 39.Qb7+ Ke8 40.Rh3 Rxc3
41.Qb8+ Ke7 42.Qb7+ Ke8 43.Qb8+ Ke7 44.Bd2 Rc2 45.Qxb6 Qd3 46.Qb7+ Kf8
47.Bxa5 Qf5 48.Qb8+ Rc8 49.Qxd6+ Kg8 50.Rg3 Rc4 51.Qd8+ Bf8 52.Qf6 e4 53.Qxf5
gxf5 54.Ne5 Rxa4 55.Nc6 Ra1 56.Rb3 Rd1 57.Rb8 Kg7 58.Bc3+ Kg6 59.Rxf8 Kxg5
60.Rg8+ Kh5 61.Nd4 f4 62.d6 f3+ 63.Kh2 e3 64.Rh8+ Kg4 65.Rg8+ Kf4 66.fxe3+
Ke5 67.Nxf3+ Ke6 68.Be5 1-0

[Event "2016 Wellington Easter Open"]
[Site "Wellington NZL"]
[Date "2016.03.26" ]
[Round "3.7"]
[White "Nyberg, Michael"]
[Black "Nicholls, Leighton"]
[Result "1/2-1/2"]
[WhiteElo "2068"]
[BlackElo "1985"]
[PlyCount "0"]
[EventDate "2016.03.25"]
[SourceDate ""]

1.d4 Nf6 2.Nf3 c5 3.c3 e6 4.g3 d5 5.Bg2 Nbd7 6.Bf4 b6 7.Na3 a6 8.Nc2 Bb7
9.Rb1 Ne4 10.Nd2 Bd6 11.Bxd6 Nxd6 12.c4 O-O 13.O-O dxc4 14.Bxb7 Nxb7 15.Nxc4
b5 16.Nd2 c4 17.b3 c3 18.Nf3 a5 19.b4 axb4 20.Nxb4 Nd6 21.Qd3 Ra3 22.Rfc1 Qc7
23.Ne1 Rc8 24.Nec2 Ra7 25.Rb3 Nb6 26.Ne3 Na4 27.Qc2 Nc4 28.Nxc4 Qxc4 29.e3
Rac7 30.Nd3 Nb6 31.Rb4 Qc6 32.Rcb1 Nc4 33.Qxc3 Nd6 34.Qxc6 Rxc6 35.Nc5 g6
36.g4 h6 37.e4 f6 38.f3 Kf7 39.a4 bxa4 40.Rxa4 e5 41.dxe5 fxe5 42.Ra7+ R8c7
43.Rxc7+ Rxc7 44.Nd3 Kf6 45.Nb4 Ra7 46.Kg2 Nc4 47.h4 Ra3 48.Nd5+ Ke6 49.Rb7
Nd2 50.Re7+ Kd6 51.Rf7 g5 52.hxg5 hxg5 53.Rf5 Ra2 54.Nc3 Rc2 55.Nb5+ Ke6
56.Kg1 Rc5 57.Nd4+ exd4 58.Rxc5 Nxf3+ 59.Kg2 Ne5 60.Kg3 d3 61.Rd5 Kf6 62.Rb5
Ke6 63.Rb6+ Ke7 64.Rb5 Ke6 65.Rd5 Kf6 66.Kg2 Nxg4 67.Rxd3 Ke5 68.Kf3 Nf6
69.Re3 g4+ 70.Kg3 Nxe4+ 71.Kxg4 Kd4 72.Kf4 Nc5 73.Re8 Nd3+ 74.Kf5 Nb4 75.Re4+
Kc5 76.Ke6 Nc6 77.Rh4 Nd4+ 78.Kd7 Kd5 79.Rg4 Ke5 80.Rg5+ Kf4 81.Rd5 Ke4
82.Kd6 Nf5+ 83.Kc5 Kf4 84.Rd3 Ke4 85.Rd1 Kf4 86.Re1 Ne3 87.Re2 Ke4 88.Rd2 Ke5
89.Rd4 Nf5 90.Ra4 Nd6 91.Rh4 Nf5 92.Rh5 Ke4 93.Kc6 Ke5 94.Kd7 Ke4 95.Rg5 Kf4
96.Rg8 Ke5 97.Rg4 Kd5 98.Rg6 Ke5 99.Ra6 Kd5 100.Ra5+ Ke4 101.Ke6 Nd4+ 102.Kf6
Nf3 103.Rf5 Nd4 104.Re5+ Kd3 105.Kg6 Nf3 106.Re8 Kd4 107.Kf5 Kd5 108.Kf4 Nd4
109.Rd8+ Kc5 110.Ke4 Nc6 111.Rd7 Nb4 112.Rd2 Nc6 113.Rd3 Kc4 114.Rd6 Kc5
115.Rd7 Kc4 116.Ke3 Kc5 117.Kd2 Ne5 118.Rh7 Kd5 119.Ke3 Nc4+ 120.Kf4 Nd6
121.Rh5+ Kd4 122.Re5 Nc4 123.Re8 Kd5 124.Re4 Nd6 125.Ra4 1/2-1/2

[Event "2016 Wellington Easter Open"]
[Site "Wellington NZL"]
[Date "2016.03.26" ]
[Round "3.8"]
[White "List, Robert"]
[Black "Goodhue, Nathan"]
[Result "0-1"]
[WhiteElo "1661"]
[BlackElo "2074"]
[PlyCount "0"]
[EventDate "2016.03.25"]
[SourceDate ""]

1.e4 g6 2.c3 c5 3.Bc4 Bg7 4.d3 e6 5.Be3 b6 6.Nf3 a6 7.O-O d5 8.exd5 exd5
9.Qa4+ Bd7 10.Bb5 Bxb5 11.Qc2 Ne7 12.Nbd2 O-O 13.Rad1 Bc6 14.a4 Qd6 15.g3 Nf5
16.Bf4 Qd8 17.b4 f6 18.h4 h5 19.bxc5 bxc5 20.Qb3 Nd7 21.Ne4 c4 22.dxc4 dxe4
23.Nd4 Nxd4 24.Rxd4 Qe8 25.Rfd1 Ne5 26.c5+ Kh7 27.Rd6 Bxa4 0-1

[Event "2016 Wellington Easter Open"]
[Site "Wellington NZL"]
[Date "2016.03.26" ]
[Round "3.9"]
[White "Murdoch, Stephen"]
[Black "Jackson, L Ross"]
[Result "0-1"]
[WhiteElo "1625"]
[BlackElo "2027"]
[PlyCount "0"]
[EventDate "2016.03.25"]
[SourceDate ""]

1.d4 Nf6 2.e3 c5 3.Nf3 d5 4.b3 cxd4 5.exd4 Nc6 6.Bb2 Bg4 7.h3 Bh5 8.Nbd2 e6
9.a3 Bd6 10.Bd3 Bf4 11.O-O Bxd2 12.Qxd2 Bxf3 13.gxf3 Nh5 14.Rfe1 Qh4 15.Kh2
O-O 16.Rg1 Nf4 17.Rg3 Nxd3 18.Qxd3 Ne7 19.Rag1 g6 20.Bc1 Nf5 21.Bg5 Qxd4
22.Qxd4 Nxd4 23.Bf6 Ne2 24.h4 Nxg1 25.h5 Ne2 26.Rg4 Rac8 27.hxg6 fxg6 0-1

[Event "2016 Wellington Easter Open"]
[Site "Wellington NZL"]
[Date "2016.03.26" ]
[Round "3.10"]
[White "Lyall, Simon"]
[Black "Song, Kate"]
[Result "1-0"]
[WhiteElo "1988"]
[BlackElo "1701"]
[PlyCount "0"]
[EventDate "2016.03.25"]
[SourceDate ""]

1.e4 e6 2.d4 d5 3.e5 c5 4.c3 Nc6 5.Nf3 Qb6 6.a3 a5 7.Bd3 Nh6 8.dxc5 Bxc5
9.O-O Ng4 10.Qe2 Qc7 11.Bb5 Bd7 12.Bxc6 Bxc6 13.h3 Nh6 14.Nd4 Bd7 15.Nd2 Nf5
16.N2f3 O-O 17.Rd1 Nxd4 18.cxd4 Be7 19.h4 Ba4 20.Re1 Qb6 21.Be3 Rfc8 22.Rac1
Rc6 23.Rc3 Rac8 24.Rxc6 Rxc6 25.Rc1 Rxc1+ 26.Bxc1 Qb3 27.Bg5 Bxg5 28.Nxg5
Qd1+ 29.Qxd1 Bxd1 30.Kf1 h6 31.Nh3 Kf8 32.Ke1 Bb3 33.Kd2 Ke7 34.Nf4 g6 35.Kc3
a4 36.Kb4 Kd7 37.Nd3 Kc6 38.Nc5 Bd1 39.Nxa4 Bxa4 40.Kxa4 Kb6 41.Kb4 g5
42.hxg5 hxg5 43.g4 Kc6 44.a4 Kb6 45.a5+ Kc6 46.Ka4 Kc7 47.Kb5 Kb8 48.a6 bxa6+
49.Kxa6 Kc7 50.b4 Kc6 51.b5+ Kc7 52.Ka7 1-0

[Event "2016 Wellington Easter Open"]
[Site "Wellington NZL"]
[Date "2016.03.26" ]
[Round "3.11"]
[White "Wight, Joshua"]
[Black "Barraza-Perez, Jesse"]
[Result "1-0"]
[WhiteElo "1534"]
[BlackElo "1925"]
[PlyCount "0"]
[EventDate "2016.03.25"]
[SourceDate ""]

1.e4 d5 2.exd5 Nf6 3.Nf3 Nxd5 4.Bc4 e6 5.b3 Be7 6.Bb2 Bf6 7.c3 Nf4 8.O-O Nd3
9.Bxd3 Qxd3 10.Re1 Nc6 11.Re3 Qg6 12.d4 O-O 13.Nbd2 b6 14.Ne4 Kh8 15.Nxf6
gxf6 16.Nh4 Qg5 17.Qf3 Bb7 18.Qg3 Qxg3 19.Rxg3 Rg8 20.Rd1 Ne7 21.c4 Rxg3
22.hxg3 Kg7 23.Ba3 Ng6 24.d5 exd5 25.cxd5 Rd8 26.d6 Nxh4 27.gxh4 f5 28.f3 h5
29.Kf2 cxd6 30.Rxd6 Rxd6 31.Bxd6 Bd5 32.Bc7 Kf6 33.Ke3 Ke6 34.Kd4 Bc6 35.b4
Kd7 36.Bb8 Kc8 37.Bxa7 Kb7 38.Bxb6 Kxb6 39.Ke5 Bd7 40.Kf6 Be6 41.Kg5 Kc6
42.a3 Kd6 43.Kxh5 Ke7 44.g4 Kf6 45.gxf5 Kxf5 46.Kh6 Kf4 47.Kg7 Kf5 48.h5
1-0

[Event "2016 Wellington Easter Open"]
[Site "Wellington NZL"]
[Date "2016.03.26" ]
[Round "3.12"]
[White "Winter, Ryan"]
[Black "Paul, David"]
[Result "0-1"]
[WhiteElo "1099"]
[BlackElo "1886"]
[PlyCount "0"]
[EventDate "2016.03.25"]
[SourceDate ""]

1.d4 d5 2.Nf3 Nf6 3.Bf4 e6 4.e3 Bd6 5.Bg3 Bxg3 6.hxg3 Nbd7 7.Bd3 c5 8.c3 Qc7
9.Nbd2 a6 10.Rc1 b5 11.e4 dxe4 12.Nxe4 Bb7 13.Nxf6+ Nxf6 14.O-O O-O 15.Qe2
Rac8 16.dxc5 Qxc5 17.c4 Qh5 18.Rfd1 bxc4 19.Rxc4 Rxc4 20.Bxc4 Ng4 21.Nh4 g5
22.f3 gxh4 23.fxg4 Qc5+ 24.Kf1 hxg3 25.Bd3 Rc8 26.Qd2 e5 27.Re1 f6 28.b3 Qd4
29.Bc4+ Rxc4 30.Qxd4 Rxd4 31.g5 Kg7 32.gxf6+ Kxf6 33.Re3 Rg4 34.a3 h5 35.Kg1
h4 36.b4 Re4 37.Rxe4 Bxe4 38.a4 Ke6 39.b5 axb5 40.axb5 Bd3 41.b6 Kd6 42.b7
Kc7 43.b8=Q+ Kxb8 44.Kh1 e4 0-1

[Event "2016 Wellington Easter Open"]
[Site "Wellington NZL"]
[Date "2016.03.26" ]
[Round "3.13"]
[White "Kulkarni, Yogesh"]
[Black "Burns, Guy"]
[Result "1-0"]
[WhiteElo "1854"]
[BlackElo "1642"]
[PlyCount "0"]
[EventDate "2016.03.25"]
[SourceDate ""]

1.c4 c5 2.Nf3 Nc6 3.g3 b6 4.Bg2 Rb8 5.O-O Bb7 6.Nc3 Nf6 7.d3 g6 8.e4 d6 9.a3
Bg7 10.Bg5 h6 11.Bd2 O-O 12.Qc1 Kh7 13.Ne2 Ng4 14.Bc3 Nge5 15.Nxe5 Nxe5
16.Qd2 Qd7 17.f4 Nc6 18.Bxg7 Kxg7 19.f5 Ne5 20.Bh3 Qc6 21.Nf4 Qc7 22.fxg6
Nxg6 23.Nh5+ Kh7 24.Rf2 Bc8 25.Raf1 f6 26.Bxc8 Qxc8 27.Rf5 Qe6 28.Nf4 Nxf4
29.R1xf4 Rg8 30.Rh4 Rg5 31.Rxg5 fxg5 32.Qxg5 Rf8 33.Qe3 Rf6 34.Rf4 a5 35.Qf2
Qf7 36.Rxf6 Qxf6 37.Qxf6 exf6 38.Kf2 Kg6 39.Kf3 Kg5 40.a4 Kg6 41.Kf4 h5 42.h3
Kg7 43.Kf5 Kf7 44.b3 Ke7 45.Kg6 Ke6 46.Kxh5 Kf7 47.Kg4 Kg6 48.Kf4 Kg7 49.Kf5
Kf7 50.h4 Ke7 51.g4 Kf7 52.h5 1-0

[Event "2016 Wellington Easter Open"]
[Site "Wellington NZL"]
[Date "2016.03.26" ]
[Round "3.14"]
[White "Dai, Zhiheng"]
[Black "Roberts, Michael H"]
[Result "0-1"]
[WhiteElo "1129"]
[BlackElo "1843"]
[PlyCount "0"]
[EventDate "2016.03.25"]
[SourceDate ""]

1.e4 e5 2.Nf3 Nf6 3.Bc4 Nxe4 4.d3 Nd6 5.Nxe5 Nxc4 6.Nxc4 Be7 7.Nc3 d5 8.Ne5
O-O 9.O-O c6 10.d4 f6 11.Ng4 Nd7 12.b3 Re8 13.h3 Bd6 14.Bh6 f5 15.Bf4 Bxf4
16.Ne3 Nf6 17.Qf3 Bxe3 18.fxe3 Qa5 19.Ne2 Ne4 20.Qh5 Bd7 21.g4 Qd2 22.gxf5
Qxe3+ 23.Kh2 Nf6 24.Qf3 Qxf3 25.Rxf3 Rxe2+ 26.Kg1 Rae8 27.Rf2 Re1+ 28.Rxe1
Rxe1+ 0-1

[Event "2016 Wellington Easter Open"]
[Site "Wellington NZL"]
[Date "2016.03.26" ]
[Round "3.16"]
[White "Stracy, Don M"]
[Black "Renjith, Sravan"]
[Result "1-0"]
[WhiteElo "1742"]
[BlackElo "1510"]
[PlyCount "0"]
[EventDate "2016.03.25"]
[SourceDate ""]

1.e4 c5 2.Nf3 Nc6 3.d4 cxd4 4.Nxd4 g6 5.Nc3 Bg7 6.Be3 Nf6 7.f3 d5 8.exd5 Nxd5
9.Nxd5 Qxd5 10.Nxc6 Qxc6 11.Bd4 e5 12.Bc3 O-O 13.Bd3 Re8 14.O-O f5 15.Qe2 a6
16.Bc4+ Be6 17.Bxe6+ Rxe6 18.Rfe1 e4 19.Bxg7 Kxg7 20.fxe4 Rxe4 21.Qf2 Rae8
22.Rxe4 Rxe4 23.Rd1 Kf6 24.h3 g5 25.Rd4 Qc5 26.Rxe4 Qxf2+ 27.Kxf2 fxe4 28.Ke3
Ke5 29.c4 b6 30.b4 Kf5 31.a4 h5 32.g4+ hxg4 33.hxg4+ Ke5 34.a5 bxa5 35.bxa5
Kd6 36.Kxe4 Kc5 37.Kd3 Kb4 38.Kd4 Kxa5 39.Kc5 Ka4 40.Kb6 Kb4 41.c5 1-0

[Event "2016 Wellington Easter Open"]
[Site "Wellington NZL"]
[Date "2016.03.26" ]
[Round "3.18"]
[White "Lourenco, Eva"]
[Black "Steadman, Mathew"]
[Result "1-0"]
[WhiteElo "1060"]
[BlackElo "1368"]
[PlyCount "0"]
[EventDate "2016.03.25"]
[SourceDate ""]

1.d4 f5 2.Nf3 g6 3.h3 Nf6 4.Bf4 Bg7 5.e3 O-O 6.c3 d6 7.Bc4+ Kh8 8.Ng5 Qe8
9.Qb3 e5 10.dxe5 dxe5 11.Nf7+ Rxf7 12.Bxf7 Qe7 13.Bh2 f4 14.O-O c6 15.exf4
exf4 16.Bxf4 Nh5 17.Bh2 Nd7 18.Nd2 Nc5 19.Rfe1 Nxb3 20.Rxe7 Nxa1 21.Re8+ Bf8
22.Be5+ 1-0

[Event "2016 Wellington Easter Open"]
[Site "Wellington NZL"]
[Date "2016.03.26" ]
[Round "3.19"]
[White "Austin, Tama"]
[Black "Braganza, Nadia"]
[Result "1/2-1/2"]
[WhiteElo "1178"]
[BlackElo "1364"]
[PlyCount "0"]
[EventDate "2016.03.25"]
[SourceDate ""]

1.d4 Nf6 2.Nf3 g6 3.Bf4 Bg7 4.e3 d6 5.c4 O-O 6.Be2 c5 7.Nc3 cxd4 8.exd4 Nbd7
9.O-O b6 10.Qd2 Bb7 11.Rfe1 Ne4 12.Nxe4 Bxe4 13.Qe3 Nf6 14.Nd2 Bb7 15.Bf3
Bxf3 16.Nxf3 Re8 17.d5 e6 18.dxe6 Rxe6 19.Qd2 Ne4 20.Qc2 Nc5 21.Bg5 Qc7
22.Rad1 h6 23.Bf4 Rd8 24.b3 Qe7 25.Rxe6 Qxe6 26.Qd2 Ne4 27.Qe3 g5 28.Nd4 Bxd4
29.Rxd4 gxf4 30.Qxe4 Qxe4 31.Rxe4 d5 32.Rd4 Re8 33.f3 dxc4 34.Rxc4 Re2 35.a4
Rb2 36.b4 Rb1+ 37.Kf2 Rb2+ 38.Kf1 Rb1+ 39.Ke2 Rb2+ 40.Kd3 Rxg2 41.h4 a6
42.Rxf4 Kg7 43.Rg4+ Rxg4 44.fxg4 Kf6 45.Kd4 Ke6 46.Ke4 f6 47.h5 b5 48.a5 Kd6
49.Kd4 Kc6 1/2-1/2

[Event "2016 Wellington Easter Open"]
[Site "Wellington NZL"]
[Date "2016.03.26" ]
[Round "3.20"]
[White "Luo, Vincent"]
[Black "Marko, H Nigel A"]
[Result "0-1"]
[WhiteElo "200"]
[BlackElo "1300"]
[PlyCount "0"]
[EventDate "2016.03.25"]
[SourceDate ""]

1.e4 e5 2.Nf3 Nc6 3.Bc4 Nf6 4.Nc3 Bc5 5.O-O Nxe4 6.Nxe4 Bb6 7.Re1 d5 8.Nc3
dxc4 9.Nxe5 Nxe5 10.Rxe5+ Be6 11.d3 Qf6 12.Re2 O-O-O 13.Ne4 Qg6 14.Bg5 f6
15.Bf4 Bg4 16.b3 Bxe2 17.Qxe2 cxd3 18.cxd3 Rhe8 19.Rd1 f5 20.Qc2 fxe4 21.Rc1
exd3 22.Qc3 Qc6 23.Qxc6 bxc6 24.Rd1 d2 25.Bxd2 Rxd2 0-1